| 000 | 00467nam a2200169Ia 4500 | ||
|---|---|---|---|
| 005 | 20260429111952.0 | ||
| 008 | 260429s9999||||xx |||||||||||||| ||und|| | ||
| 020 | _a9781683670100 | ||
| 041 | _aEnglish | ||
| 082 |
_a579 _bCOS |
||
| 100 | _aCossart, Pascale | ||
| 245 | 0 |
_aNew microbiology : _bfrom microbiomes to CRISPR / _cPascale Cossart |
|
| 260 |
_aUnited States : _bASM Press, _c2018. |
||
| 300 | _axiii, 185 p.; pbk | ||
| 650 | _aMicrobiology | ||
| 942 | _cTB | ||
| 999 |
_c51675 _d51675 |
||